Joueurs du Stade Toulousain (2012-2022) - Statistiques

Statistiques générales
  • Ce quiz a été pris 175 fois
    174 depuis la dernière actualisation
  • Le résultat moyen est 58 sur 138
Statistiques - réponses
Poste Durée de passage (pro) Club précédent Réponse % Correct
Demi d'ouverture / Centre 2017- Formé au club Romain Ntamack
91%
Talonneur 2018- Formé au club Guillaume Marchand
89%
Talonneur 2014- Formé au club Julien Marchand
89%
Demi de mêlée / Demi d'ouverture 2017- Castres Olympique Antoine Dupont
88%
Pilier 2012- Formé au club Cyril Baille
80%
Talonneur 2016- Formé au club Peato Mauvaka
79%
Arrière / Demi d'ouverture 2013- Formé au club Thomas Ramos
78%
3e ligne 2021- Castres Olympique Anthony Jelonch
76%
Ailier 2002-2016 FC Grenoble Vincent Clerc
76%
3e ligne 2022- Union Bordeaux Bègles Alexandre Roumat
75%
Ailier / Arrière 2021- Jaguares (ARG) Juan Cruz Mallía
75%
Arrière / Ailier 2004-2022 Formé au club Maxime Médard
75%
Arrière 2022- USA Perpignan Melvyn Jaminet
75%
2e ligne 2019 puis 2020- Shizuoka Blue Revs (JAP) Richie Arnold
75%
2e ligne 2019-2022 Canberra Vikings (AUS) Rory Arnold
75%
Arrière / Ailier 2022- FC Grenoble Ange Capuozzo
74%
Ailier / Demi de mêlée / Arrière 2022- Stade Rochelais Arthur Retière
73%
3e ligne 2016- Formé au club François Cros
73%
Demi de mêlée 2022- SU Agen Paul Graou
73%
2e ligne / 3e ligne 2020- Wasps (ANG) Thibaud Flament
73%
Pilier 2013- Formé au club Dorian Aldegheri
72%
AIlier 2018- Formé au club Matthis Lebel
72%
Centre 2022- LOU Rugby Pierre Louis Barassi
72%
Centre 2021- Jaguares (ARG) Santiago Chocobares
71%
Pilier 2014- Formé au club Rodrigue Neti
70%
3e ligne 2006-2017 Biarritz Olympique Thierry Dusautoir
70%
Centre 2018- Connacht Rugby (IRL) Pita Ahki
69%
Talonneur 1999-2013 Formé au club Wiliam Servat
69%
2e ligne 2019- New South Wales Country Eagles (AUS) Emmanuel Meafou
67%
Centre 2015- Stado Tarbes Pyrénées rugby Jarrod Poï
66%
Centre / Ailier 2017- Stade Montois Lucas Tauzin
66%
Ailier / Centre / Arrière 2016- Union Bordeaux Bègles Sofiane Guitoune
66%
Ailier / Arrière / Demi d'ouverture 2017-2021 Stormers (AFS) Cheslin Kolbe
65%
Talonneur 2019- US Dax Guillaume Cramont
65%
Ailier / Arrière 2005-2008 puis 2012-2021 Formé au club Yoann Huget
65%
2e ligne 2013-2022 Castres Olympique Iosefa Tekori
63%
Talonneur 2011-2017 Formé au club Christopher Tolofua
62%
3e ligne 2016- Formé au club Selevasio Tolofua
62%
Ailier 2013-2014 Highlanders (NZL) Hosea Gear
60%
Demi de mêlée 2012-2020 Formé au club Sébastien Bézy
60%
Centre 2005-2013 CS Bourgoin-Jallieu Florian Fritz
59%
Centre 2002-2013 US Colomiers Yannick Jauzion
59%
Arrière 2001-2016 Formé au club Clément Poitrenaud
57%
Pilier 2018- Seattle Rugby Club (EUA) David Ainu'u
55%
Demi d'ouverture / centre / arrière / ailier 2021- ASM Clermont Auvergne Tim Nanai-Williams
55%
Demi de mêlée 2020-2022 Union Bordeaux Bègles Baptiste Germain
54%
Pilier 2017- Blues (NZL) Charlie Faumuina
54%
Pilier 2016-2018 Formé au club Daniel Brennan
54%
3e ligne 2018-2021 Auckland Rugby Football Union (NZL) Jerome Kaino
54%
2e ligne 2020- Formé au club Joshua Brennan
54%
Ailier / Centre 2020- Blagnac Rugby Dimitri Delibes
53%
Demi d'ouverture / Centre 2011-2017 Blues (NZL) Luke McAlister
53%
Demi de mêlée 2020- Formé au club Martin Page-Relo
53%
Ailier 2021- Formé au club Nelson Épée
52%
Centre 2012-2018 RC Toulon Gaël Fickou
51%
Centre 2009-2018 CS Bourgoin-Jallieu Yann David
51%
Demi d'ouverture / Centre / Arrière 2017-2022 Stade Rochelais Zack Holmes
51%
Pilier 2002-2013 RC Narbonne Jean-Baptiste Poux
50%
3e ligne 2018- Biarritz Olympique Alban Placines
49%
3e ligne 2009-2016 Montpellier HR Louis Picamoles
49%
Centre 2018- SU Agen Pierre Fouyssac
49%
3e ligne 2017- Stormers (AFS) Rynhardt Elstadt
49%
Demi de mêlée / Demi d'ouverture 2009-2018 Formé au club Jean-Marc Doussain
46%
2e ligne 2006-2017 Section Paloise Patricio Albacete
46%
Demi d'ouverture 2014-2017 Leicester Tigers (ANG) Toby Flood
45%
Ailier / Centre 2013- Formé au club Arthur Bonneval
43%
2e ligne 2009-2018 RC Toulon Yoann Maestri
43%
Talonneur 2021- Formé au club Ian Boubila
42%
3e ligne 2014-2016 Biarritz Olympique Imanol Harinordoquy
42%
Demi d'ouverture 2011-2014 Stade Français Paris Lionel Beauxis
42%
3e ligne 2005-2015 AS Béziers Yannick Nyanga
40%
3e ligne 2020- Formé au club Yannick Youyoutte
40%
Demi de mêlée 2020-2022 Stade Rochelais Alexi Balès
39%
Pilier 2009-2017 Saracens (ANG) Census Johnston
38%
3e ligne / 2e ligne 2016-2019 Castres Olympique Piula Faasalele
38%
3e ligne 2011-2020 Formé au club Gillian Galan
37%
Pilier 2011-2017 Blue Bulls (AFS) Gurthrö Steenkamp
37%
3e ligne 1999-2013 Section Paloise Jean Bouilhou
36%
3e ligne 2013-2017 RC Massy Yacouba Camara
36%
2e ligne / 3e ligne 2000-2017 RC Massy Grégory Lamboley
35%
Demi de mêlée 2018-2020 Blagnac Rugby Pierre Pagès
35%
Ailier 2011-2016 Stade Montois Timoci Matanavou
35%
Pilier 2017-2021 Montpellier HR Clément Castets
34%
3e ligne 2019-2022 SU Agen Antoine Miquel
31%
Centre 2005-2008 puis 2018-2020 CS Bourgoin-Jallieu Maxime Mermoz
30%
Pilier 2020- ABCD XV Bourgogne Rugby Paul Mallez
30%
Ailier 2007-2014 CA Brive Yves Donguy
28%
Ailier / Arrière 2014-2017 RC Toulon Alexis Palisson
27%
Talonneur 2014-2016 Canterbury (NZL) Corey Flynn
27%
2e ligne 2016-2020 Castres Olympique Richie Gray
27%
3e ligne 2015-2018 NSW Country Eagles (AUS) Talalelei Gray
27%
2e ligne 2000-2016 RC Massy Romain Millo-Chluski
26%
3e ligne 2017-2021 Union Bordeaux Bègles Louis-Benoît Madaule
25%
Ailier 2018-2021 Formé au club Maxime Marty
25%
Demi de mêlée 2019- Formé au club Théo Idjellidaine
25%
Talonneur 1999-2011 puis 2012 RC Nîmes Virgile Lacombe
25%
Pilier 2019-2022 Formé au club Paulo Tafili
24%
2e ligne / 3e ligne 2012-2017 Australie Edwin Maka
23%
Demi de mêlée 2015-2016 Leicester Tigers (ANG) David Mélé
21%
Demi de mêlée 2016-2017 Section Paloise Samuel Marques
21%
Ailier / 3e ligne 2015-2018 Fidji sept Semi Kunatani
21%
2e ligne 2019-2020 USON Nevers Rugby Bastien Chalureau
19%
Pilier 2017-2018 Biarritz Olympique David Roumieu
19%
2e ligne 2017-2020 Formé au club Florian Verhaeghe
19%
Talonneur 2016-2019 Leicester Tigers (ANG) Leonardo Ghiraldini
19%
Demi de mêlée 2011-2013 Waratahs (AUS) Luke Burgess
19%
Pilier 2017- France Maxime Duprat
19%
Pilier 2012-2017 CA Brive Vasil Kakovin
18%
Demi de mêlée 2013-2015 Bulls (AFS) Jano Vermaak
16%
Demi d'ouverture 2017-2021 Natal Sharks (AFS) Tristan Tedder
15%
Ailier 2019 Western Province (AFS) Werner Kok
15%
Pilier 2007-2014 Stade Français Paris Yohan Montès
15%
Pilier 2017-2019 CA Brive Lucas Pointud
14%
3e ligne 2010-2013 CS Bourgoin-Jallieu Sylvain Nicolas
14%
3e ligne 2015-2020 Chiefs (NZL) Carl Axtens
13%
Demi d'ouverture / centre / arrière / ailier 2013-2014 Biarritz Olympique Jean-Pascal Barraque
13%
Centre 2018-2020 LOU Rugby Théo Belan
13%
Pilier 2016-2020 Free State Cheetahs (AFS) Maks van Dyk
12%
Pilier 2014-2016 Aviron Bayonnais Neemia Tialata
12%
Talonneur 2019 Shizuoka Blue Revs (JAP) Takeshi Hino
12%
Talonneur 2013-2015 Bulls (AFS) Chiliboy Ralepelle
10%
Talonneur 2011-2013 Blue Bulls (AFS) Gary Botha
10%
Centre / Ailier 2015-2018 Natal Sharks (AFS) Paul Perez
10%
Pilier 2013-2015 Southern Kings (AFS) Schalk Ferreira
10%
3e ligne 2014 Gloucester Rugby (ANG) Akapusi Qera
8%
Pilier 2012-2014 LOU Rugby Antoine Guillamon
8%
2e ligne 2008-2013 Formé au club Russlan Boukerou
8%
Pilier 2019 Natal Sharks (AFS) Thomas du Toit
8%
Ailier / Centre 2017-2018 Southern Kings (AFS) Wandile Mjekevu
8%
2e ligne 2018-2019 Union Bordeaux Bègles Pierre Gayraud
7%
Talonneur 2019 Cornish Pirates (ANG) Sam Matavesi
7%
Pilier 2015-2016 Aviron Bayonnais Gert Muller
6%
Talonneur 2012-2014 Armia Tbilissi (GEO) Jaba Bregvadze
6%
Pilier 2014-2015 USA Perpignan Kisi Pulu
6%
Pilier 2017-2018 Free State Cheetahs (AFS) Daniel Mienie
4%
Talonneur 2019 Bulls (AFS) Jacobus Visagie
4%
Pilier 2019 Stade Montois Rémi Hugues
3%
Talonneur / Pilier 2013-2014 Griffons (AFS) Martens van der Heever
2%
Aucun quiz correspondant
Distribution des résultats
% des personnes avec chaque résultat
Percentile par nombre de réponses
Votre historique - résultats
Vous n’avez pas pris ce quiz depuis la dernière actualisation